Fundamentals of physical geography (Record no. 2799)

000 -LEADER
fixed length control field 00448nam a22001817a 4500
003 - CONTROL NUMBER IDENTIFIER
control field OSt
005 - DATE AND TIME OF LATEST TRANSACTION
control field 20210721085012.0
008 - FIXED-LENGTH DATA ELEMENTS--GENERAL INFORMATION
fixed length control field 210721b ||||| |||| 00| 0 eng d
020 ## - INTERNATIONAL STANDARD BOOK NUMBER
International Standard Book Number 0091609518
040 ## - CATALOGING SOURCE
Transcribing agency alupe university
050 ## - LIBRARY OF CONGRESS CALL NUMBER
Classification number GB55
Item number .B75 1985
100 ## - MAIN ENTRY--PERSONAL NAME
Personal name David Briggs;
245 ## - TITLE STATEMENT
Title Fundamentals of physical geography
260 ## - PUBLICATION, DISTRIBUTION, ETC.
Place of publication, distribution, etc. London
Name of publisher, distributor, etc. Hutchinson
Date of publication, distribution, etc. 1985
300 ## - PHYSICAL DESCRIPTION
Extent 558p
700 ## - ADDED ENTRY--PERSONAL NAME
Personal name Peter Smithson
942 ## - ADDED ENTRY ELEMENTS (KOHA)
Source of classification or shelving scheme
Koha item type Book
Suppress in OPAC DO
Holdings
Withdrawn status Lost status Source of classification or shelving scheme Damaged status Not for loan Permanent Location Current Location Shelving location Date acquired Source of acquisition Total Checkouts Full call number Barcode Date last seen Date last checked out Price effective from Koha item type Public note
          AU LIBRARY AU LIBRARY Open Shelf 21.07.2021 donation from moi university 2 GB55 .B75 1985 28000081 02.11.2023 18.10.2023 21.07.2021 Book DO

Powered by Koha